| 000 | 00682nam a2200241Ia 4500 | ||
|---|---|---|---|
| 003 | OSt | ||
| 005 | 20220925222755.0 | ||
| 006 | a|||||r|||| 00| 0 | ||
| 007 | ta | ||
| 008 | 220923b |||||||| |||| 00| 0 eng d | ||
| 020 | _a0745608892 | ||
| 037 | _cGeneral Book | ||
| 040 |
_aRTL _cRTL _beng |
||
| 041 |
_2eng _aeng |
||
| 082 | _aYxN38, N0 | ||
| 100 |
_aGiddens Anthony _920429 |
||
| 245 | 0 |
_aModernity and self-identity _b Self and society in the Late modern age |
|
| 260 |
_aLondon _bPolity Press _c1991 |
||
| 300 |
_avii,256p _ccm. |
||
| 500 | _aGlossary:P242-244 | ||
| 942 |
_hYxN38, N0 _cGB _2CC |
||
| 999 |
_c577747 _d577747 |
||